Digital communications (Record no. 4692)

000 -LEADER
fixed length control field 00741 a2200253 4500
020 ## - INTERNATIONAL STANDARD BOOK NUMBER
International Standard Book Number 0-07-118183-0
020 ## - INTERNATIONAL STANDARD BOOK NUMBER
International Standard Book Number 0-07-118183-0
040 ## - CATALOGING SOURCE
Original cataloging agency Library of Congress
Language of cataloging English
082 ## - DEWEY DECIMAL CLASSIFICATION NUMBER
Classification number 621.382
082 ## - DEWEY DECIMAL CLASSIFICATION NUMBER
Classification number 621.382
082 ## - DEWEY DECIMAL CLASSIFICATION NUMBER
Classification number 621.382
082 ## - DEWEY DECIMAL CLASSIFICATION NUMBER
Classification number 621.382
100 1# - MAIN ENTRY--PERSONAL NAME
Personal name Proakis, John G.
245 00 - TITLE STATEMENT
Title Digital communications
Statement of responsibility, etc. John G. Proakis
250 ## - EDITION STATEMENT
Edition statement 4. ed
260 ## - PUBLICATION, DISTRIBUTION, ETC.
Place of publication, distribution, etc. Boston :
Name of publisher, distributor, etc. McGraw-Hill,
Date of publication, distribution, etc. cop. 2001
300 ## - PHYSICAL DESCRIPTION
Extent xxi, 1002 s. :
Other physical details ill.
440 #0 - SERIES STATEMENT/ADDED ENTRY--TITLE
Title McGraw-Hill series in electrical and computer engineering.
650 #0 - SUBJECT ADDED ENTRY--TOPICAL TERM
Topical term or geographic name entry element Digital communications
650 #0 - SUBJECT ADDED ENTRY--TOPICAL TERM
Topical term or geographic name entry element Signal processing - Digital techniques
650 #0 - SUBJECT ADDED ENTRY--TOPICAL TERM
Topical term or geographic name entry element Telecommunication
650 #0 - SUBJECT ADDED ENTRY--TOPICAL TERM
Topical term or geographic name entry element Digital communication engineering
942 ## - ADDED ENTRY ELEMENTS (KOHA)
Koha item type Book
Call number prefix 621.382 PRO
Source of classification or shelving scheme
Holdings
Withdrawn status Lost status Damaged status Not for loan Collection code Permanent Location Current Location Shelving location Date acquired Source of acquisition Cost, normal purchase price Total Checkouts Total Renewals Full call number Barcode Date last seen Date last checked out Price effective from Koha item type
          Central Library (CL) Central Library (CL) General Stacks 11/20/2003 Pak Book Corporation 618.94 8 3 621.382 PRO SEECS003946 01/30/2024 11/08/2023 01/05/2017 Book
          Central Library (CL) Central Library (CL) General Stacks 02/04/2003 Allied Book Company 568.40 7 5 621.382 PRO SEECS003041 01/12/2024 11/02/2023 01/05/2017 Book
          Central Library (CL) Central Library (CL) General Stacks 02/04/2003 Allied Book Company 568.40 5 2 621.382 PRO SEECS003042 11/06/2025 11/05/2020 01/05/2017 Book
© 2023 Central Library, National University of Sciences and Technology. All Rights Reserved.